| 000 | 00991 a2200181 4500 | ||
|---|---|---|---|
| 003 | Nust | ||
| 005 | 20221227085437.0 | ||
| 040 | _cNust | ||
| 082 | _a355,BAR | ||
| 100 |
_aMajor General Baron _9105982 |
||
| 245 |
_aThe power of personality in war / _cMajor General Baron , Von Freytag-Loringhoven |
||
| 260 |
_aArmy Education Press _bThe military service _c1955 |
||
| 300 |
_avii, 129 p _billus _c19 cm |
||
| 505 | _aWar is the Doman of Danger (Page-1), War is the Doman of Physical Exertion and Suffering (Page-31), War is the Doman of Friction (Page-44), War is the Doman Uncertainty (Page-54), The Commander Must Have Imagination (Page-84), Ambition is One of The Essential Qualities of a Leader (Page-91), Only a Strong Mind Can Resist the Impressions of War (Page-100),Without Strength of Character (Page-112), The Essence of Military Leadership (Page-124). | ||
| 600 |
_aMajor General Baron _9105982 |
||
| 650 |
_aThe power of personality in war _9105983 |
||
| 942 |
_2ddc _cBK _k355,BAR |
||
| 999 |
_c184705 _d184705 |
||